Artistas y artesanos a través de fuentes documentales (Record no. 1733)

MARC details
000 -CABECERA
campo de control de longitud fija 01105nam a2200277 a 4500
001 - NÚMERO DE CONTROL
campo de control BRCA_1963
005 - FECHA Y HORA DE LA ÚLTIMA TRANSACCIÓN
campo de control 20190320203622.0
008 - DATOS DE LONGITUD FIJA--INFORMACIÓN GENERAL
campo de control de longitud fija 950807m19941995mx-#---##b---#001-0cspa-d
020 ## - NÚMERO INTERNACIONAL ESTÁNDAR DEL LIBRO
Número Internacional Estándar del Libro 9682950937 (Obra completa)
040 ## - FUENTE DE LA CATALOGACIÓN
Centro catalogador/agencia de origen DLC
Centro/agencia transcriptor DLC
050 #4 - SIGNATURA TOPOGRÁFICA DE LA BIBLIOTECA DEL CONGRESO
Número de clasificación N6558
Número de documento/Ítem .G66 1994
100 1# - ENTRADA PRINCIPAL--NOMBRE DE PERSONA
Nombre de persona González Franco, Glorinela
9 (RLIN) 6023
245 10 - MENCIÓN DE TÍTULO
Título Artistas y artesanos a través de fuentes documentales
Mención de responsabilidad, etc. Glorinela González Franco, María del Carmen Olvera Calvo y Ana Eugenia Reyes y Cabañas.
260 ## - PUBLICACIÓN, DISTRIBUCIÓN, ETC.
Lugar de publicación, distribución, etc. México
Nombre del editor, distribuidor, etc. INAH
Fecha de publicación, distribución, etc. 1994-1995
300 ## - DESCRIPCIÓN FÍSICA
Extensión 2 v.
Dimensiones 26 cm.
440 #0 - MENCIÓN DE SERIE/PUNTO DE ACCESO ADICIONAL--TÍTULO
Título Colección Fuentes
9 (RLIN) 1308
500 ## - NOTA GENERAL
Nota general Incluye índice por oficios, cronológico, analítico y onomástico (v.1), de oficios y nombramientos y onomástico (v.2)
504 ## - NOTA DE BIBLIOGRAFÍA, ETC.
Nota de bibliografía, etc. Bibliografía : p. 451-460 (v.1)
505 0# - NOTA DE CONTENIDO CON FORMATO
Nota de contenido con formato Contenido : v.1. Ciudad de México. -- v.2. Ciudades, pueblos y villas
650 14 - PUNTO DE ACCESO ADICIONAL DE MATERIA--TÉRMINO DE MATERIA
Término de materia o nombre geográfico como elemento de entrada Artistas
Subdivisión de forma Biografía
Subdivisión geográfica México
9 (RLIN) 3612
650 14 - PUNTO DE ACCESO ADICIONAL DE MATERIA--TÉRMINO DE MATERIA
Término de materia o nombre geográfico como elemento de entrada Artesanos
Subdivisión de forma Biografía
Subdivisión geográfica México
9 (RLIN) 6024
700 1# - PUNTO DE ACCESO ADICIONAL--NOMBRE DE PERSONA
Nombre de persona Olvera, María del Carmen
9 (RLIN) 6025
700 1# - PUNTO DE ACCESO ADICIONAL--NOMBRE DE PERSONA
Nombre de persona Reyes y Cabañas, Ana Eugenia
9 (RLIN) 6026
902 ## - CATALOGADOR
Iniciales REF
942 ## - ELEMENTOS DE PUNTO DE ACCESO ADICIONAL (KOHA)
Fuente del sistema de clasificación o colocación Library of Congress Classification
Tipo de ítem Koha Libros
Holdings
Estado de retiro Estado de pérdida Estado dañado No para préstamo Localización permanente Ubicación/localización actual Fecha de adquisición Total de préstamos Signatura topográfica completa Código de barras Fecha visto por última vez Precio válido a partir de Tipo de ítem Koha Código de colección
El ejemplar forma parte de la colección y puede ser consultado según las políticas vigentes.       Biblioteca del Museo Franz Mayer (Rogerio Casas-Alatriste) Biblioteca del Museo Franz Mayer (Rogerio Casas-Alatriste) 30/07/2008   N6558 .G66 1994 REF00112 22/03/2019 22/03/2019 Libros  
El ejemplar forma parte de la colección y puede ser consultado según las políticas vigentes.       Biblioteca del Museo Franz Mayer (Rogerio Casas-Alatriste) Biblioteca del Museo Franz Mayer (Rogerio Casas-Alatriste) 18/11/2010   N6558 .G66 1994 REF00113 22/03/2019 22/03/2019 Libros Acervo General